| 000 | 02220nab a2200289 i 4500 | ||
|---|---|---|---|
| 003 | BR-BrBNA | ||
| 005 | 20240902122217.0 | ||
| 008 | 240902b2018 bl.|r|pooa||| 00| 0 eng | | ||
| 040 |
_aBR-BrBNA _beng |
||
| 072 |
_aL73 _b5120 |
||
| 100 | _aRossato, C.K. | ||
| 100 | _aFiss, L. | ||
| 100 | _aSperotto, V.R. | ||
| 100 | _aCardona, R.O.C. | ||
| 100 | _aSilva, R.B. | ||
| 245 | _aPythiosis with atypical location in the soft palate in a horse in Southern Brazil | ||
| 500 | _a Publicação online; 12 ref.; Summary (Pt) | ||
| 520 | _a RESUMO - A pitiose é uma enfermidade piogranulomatosa causada pelo oomiceto aquático Pythium insidiosum, que acomete várias espécies domésticas, assim como a humana. O presente relato refere-se à descrição de um caso de pitiose em um equino, fêmea, da raça Crioula, criado na região Sul do Brasil com história clínica de emagrecimento progressivo, disfagia e dificuldade respiratória. Macroscopicamente, o palato mole estava aumentado de tamanho e deslocado caudalmente, resultando em obstrução física da nasofaringe. Ao corte, essa massa era branca-amarelada, fibrosa e com áreas de ulceração. Na análise histopatológica, havia inflamação piogranulomatosa, com focos necróticos associados a imagens negativas tubuliformes de hifas fúngicas. A coloração de Grocott demonstrou inúmeras hifas septadas e ramificadas, as quais foram marcadas positivamente para anticorpos contra P. insidiosum na imunohistoquímica. O diagnóstico de pitiose foi baseado nos achados macro e microscópicos e confirmado pela técnica de imuno-histoquímica. Palavras-chave: equino, pitiose atípica, Pythium insidiosum, imuno-histoquímica | ||
| 650 | _aCAVALO | ||
| 650 | _aDOENÇA ANIMAL | ||
| 650 | _aLESÃO | ||
| 650 | _aHISTOPATOLOGIA | ||
| 773 | 0 |
_01643 _9317355 _dBelo Horizonte-MG Universidade Federal de Minas Gerais - Escola de Veterinaria 1983 _o2024-4007 _tArquivo Brasileiro de Medicina Veterinária e Zootecnia (Brazil) _x0102-0935 _gv. 70(2) p. 641-643; (2018) _wBR2024002350 |
|
| 856 | _uhttps://www.scielo.br/j/abmvz/a/WQFYX48yBKjb9jH378RL5yH/?format=pdf&lang=en | ||
| 942 | _cAnalítica | ||
| 999 |
_c301089 _d301089 |
||